<?xml version="1.0" encoding="UTF-8"?>
<marc:record xmlns:marc="http://www.loc.gov/MARC21/slim">
   <marc:leader>00000nam a2200000 a 4500</marc:leader>
   <marc:datafield ind1="1" ind2=" " tag="100">
      <marc:subfield code="a">Denk, Regina</marc:subfield>
      <marc:subfield code="4">aut</marc:subfield>
      <marc:subfield code="e">Verfasser/-in</marc:subfield>
   </marc:datafield>
   <marc:datafield ind1=" " ind2=" " tag="653">
      <marc:subfield code="a">Erzählende Literatur</marc:subfield>
   </marc:datafield>
   <marc:datafield ind1=" " ind2=" " tag="653">
      <marc:subfield code="a">Fiktionale Darstellung</marc:subfield>
   </marc:datafield>
   <marc:datafield ind1="0" ind2="0" tag="245">
      <marc:subfield code="a">Der Fährmann</marc:subfield>
   </marc:datafield>
   <marc:datafield ind1="0" ind2="0" tag="245">
      <marc:subfield code="b">Roman</marc:subfield>
   </marc:datafield>
   <marc:datafield ind1=" " ind2="1" tag="264">
      <marc:subfield code="b">Droemer</marc:subfield>
   </marc:datafield>
   <marc:datafield ind1="1" ind2=" " tag="520">
      <marc:subfield code="a">Der Vorabend des 1. Weltkriegs, 2 Dörfer, getrennt duch die Salzach und damit durch die Grenze zwischen Deutschland und Österreich. 4 junge Menschen, die hier, wo das 20.Jahrhundert noch weit entfernt scheint, erwachsen werden. Ihre Schicksale sind fest miteinander verwoben.: durch Freundschaft und Liebe, durch Traditionen und Verpflichtungen. Den Leben der Einzelnen stehen die Verpflichtungen der Familie und der großen Geschichte gegenüber. Weltpolitische Erschütterungen treffen auf individuelles Aufbegehren, auf Schuld und Gewalt, aber auch auf Zusammenhalt, Selbstlosigkeit und Mitgefühl.</marc:subfield>
   </marc:datafield>
   <marc:datafield ind1=" " ind2=" " tag="020">
      <marc:subfield code="a">9783426566282</marc:subfield>
      <marc:subfield code="9">9783426566282</marc:subfield>
   </marc:datafield>
</marc:record>
